5 países aleatorios en el mapa mundial - 15 segundos - Estadísticas

Estadísticas generales
  • Esta prueba ha sido intentada 47 veces
  • La puntuación promedio es 4 de 5
Respuestas en el mapa
Las respuestas están codificadas por una escala verde-roja en el mapa de la prueba según el % correcto abajo.
 
Estadísticas de respuestas
País % Correcto
Afganistán
100%
Alemania
100%
Angola
100%
Arabia Saudita
100%
Argelia
100%
Argentina
100%
Azerbaiyán
100%
Bangladés
100%
Bélgica
100%
Benín
100%
Bielorrusia
100%
Bolivia
100%
Brasil
100%
Camboya
100%
Camerún
100%
Chile
100%
Colombia
100%
Corea del Sur
100%
Croacia
100%
Egipto
100%
Eritrea
100%
España
100%
Estonia
100%
Esuatini
100%
Finlandia
100%
Francia
100%
Georgia
100%
Granada
100%
Grecia
100%
Guatemala
100%
Guinea
100%
Haití
100%
Irak
100%
Irlanda
100%
Islandia
100%
Italia
100%
Kazajistán
100%
Kenia
100%
Kiribati
100%
Kuwait
100%
Líbano
100%
Lituania
100%
Luxemburgo
100%
Madagascar
100%
Malasia
100%
Malí
100%
México
100%
Moldavia
100%
Mónaco
100%
Montenegro
100%
Myanmar
100%
Namibia
100%
Nepal
100%
Omán
100%
Países Bajos
100%
Papúa Nueva Guinea
100%
Paraguay
100%
Polonia
100%
Reino Unido
100%
Rusia
100%
Samoa
100%
San Marino
100%
Seychelles
100%
Somalia
100%
Suecia
100%
Surinam
100%
Tailandia
100%
Tanzania
100%
Tonga
100%
Túnez
100%
Turkmenistán
100%
Ucrania
100%
Vietnam
100%
Zambia
100%
Australia
75%
Bután
67%
Chipre
50%
Costa de Marfil
50%
Eslovenia
50%
Hungría
50%
Jordania
50%
Laos
50%
Maldivas
50%
Marruecos
50%
Mauritania
50%
Nicaragua
50%
República Dominicana
50%
Ruanda
50%
Suiza
50%
Yibuti
50%
Albania
0%
Andorra
0%
Antigua y Barbuda
0%
Armenia
0%
Austria
0%
Bahamas
0%
Barbados
0%
Baréin
0%
Belice
0%
Bosnia y Herzegovina
0%
Botsuana
0%
Brunéi
0%
Bulgaria
0%
Burkina Faso
0%
Burundi
0%
Cabo Verde
0%
Canadá
0%
Catar
0%
Chad
0%
China
0%
Ciudad del Vaticano
0%
Comoras
0%
Corea del Norte
0%
Costa Rica
0%
Cuba
0%
Dinamarca
0%
Dominica
0%
Ecuador
0%
El Salvador
0%
Emiratos Árabes Unidos
0%
Eslovaquia
0%
Estados Federados de Micronesia
0%
Estados Unidos
0%
Etiopía
0%
Filipinas
0%
Fiyi
0%
Gabón
0%
Gambia
0%
Ghana
0%
Guinea-Bissau
0%
Guinea Ecuatorial
0%
Guyana
0%
Honduras
0%
India
0%
Indonesia
0%
Irán
0%
Islas Marshall
0%
Islas Salomón
0%
Israel
0%
Jamaica
0%
Japón
0%
Kirguistán
0%
Kosovo
0%
Lesoto
0%
Letonia
0%
Liberia
0%
Libia
0%
Liechtenstein
0%
Macedonia del Norte
0%
Malaui
0%
Malta
0%
Mauricio
0%
Mongolia
0%
Mozambique
0%
Nauru
0%
Níger
0%
Nigeria
0%
Noruega
0%
Nueva Zelanda
0%
Pakistán
0%
Palaos
0%
Panamá
0%
Perú
0%
Portugal
0%
República Centroafricana
0%
República Checa
0%
República del Congo
0%
República Democrática del Congo
0%
Rumania
0%
San Cristóbal y Nieves
0%
Santa Lucía
0%
Santo Tomé y Príncipe
0%
San Vicente y las Granadinas
0%
Senegal
0%
Serbia
0%
Sierra Leona
0%
Singapur
0%
Siria
0%
Sri Lanka
0%
Sudáfrica
0%
Sudán
0%
Sudán del Sur
0%
Taiwán
0%
Tayikistán
0%
Timor Oriental
0%
Togo
0%
Trinidad y Tobago
0%
Turquía
0%
Tuvalu
0%
Uganda
0%
Uruguay
0%
Uzbekistán
0%
Vanuatu
0%
Venezuela
0%
Yemen
0%
Zimbabue
0%
No se encontraron pruebas coincidentes
Distribución de puntuación
Porcentaje de gente con cada puntuación
Porcentaje por número respondido
Historial de tus puntuaciones
No has intentado esta prueba.